UCI WT XDS Astana Team riders 2025. - Statistics

General Stats
  • This quiz has been taken 35 times
    29 since last reset
  • The average score is 15 of 29
Answer Stats
Hint Answer % Correct
ITA Christian Scaroni
82%
ITA Alberto Bettiol
71%
KAZ Nicolas Vinokurov
71%
ECU Harold Martín López
65%
COL Harold Tejada
65%
ITA Simone Velasco
65%
NLD Wout Poels
65%
KAZ Yevgeniy Fedorov
65%
FRA Clément Champoussin
59%
ITA Davide Ballerini
59%
ITA Diego Ulissi
59%
ERI Henok Mulubrhan
59%
ITA Lorenzo Fortunato
59%
NLD Cees Bol
53%
ITA Florian Kajamini
53%
COL Sergio Higuita
53%
CHN Haoyu Su
47%
NLD Mike Teunissen
47%
NZL Aaron Gate
41%
DEN Anthon Charmig
41%
GER Max Kanter
41%
ITA Michele Gazzoli
41%
NLD Darren van Bekkum
35%
NLD Ide Schelling
35%
ITA Alessandro Romele
29%
ITA Matteo Malucelli
29%
ITA Nicola Conci
29%
ITA Davide Toneatti
18%
ITA Fausto Masnada
18%
No matching quizzes found
Score Distribution
Percent of People with Each Score
Percentile by Number Answered
Your Score History
You have not taken this quiz since the last reset